The Best NBA Player to Wear Each Jersey Number - Statistics

General Stats
  • This quiz has been taken 789 times
  • The average score is 27 of 53
Answer Stats
Hint Answer % Correct
0 Russell Westbrook
90%
23 Michael Jordan
88%
3 Dwyane Wade
86%
23 LeBron James
86%
8 Kobe Bryant
83%
35 Kevin Durant
77%
30 Stephen Curry
77%
21 Tim Duncan
76%
41 Dirk Nowitzki
75%
12 John Stockton
75%
15 Nikola Jokić
74%
34 Shaquille O'Neal
71%
77 Luka Dončić
69%
32 Magic Johnson
69%
31 Reggie Miller
69%
33 Kareem Abdul-Jabbar
68%
1 Chris Bosh
67%
91* Dennis Rodman
67%
11 Isiah Thomas
67%
13 Wilt Chamberlain
67%
6 Bill Russell
66%
50 David Robinson
63%
20 Gary Payton
59%
7 Carmelo Anthony
58%
00 Robert Parish
57%
14 Oscar Robertson
54%
40 Shawn Kemp
53%
4 Joe Dumars
52%
5 Kevin Garnett
47%
9 Bob Pettit
46%
99 George Mikan
45%
2 Moses Malone
45%
10 Walt Frazier
43%
42 James Worthy
42%
24 Rick Barry
42%
17 John Havlicek
41%
44 Jerry West
39%
16 Pau Gasol
39%
22 Elgin Baylor
37%
19 Willis Reed
33%
55 Dikembe Mutombo
31%
47 Andrei Kirilenko
29%
45 Donovan Mitchell
26%
54 Horace Grant
23%
18 Dave Cowens
20%
53 Artis Gilmore
19%
36 Marcus Smart
18%
25 Gail Goodrich
16%
43 Jack Sikma
14%
26 Kyle Korver
11%
52 Jamaal Wilkes
9%
27 Jack Twyman
6%
29 Paul Silas
2%
No matching quizzes found
Score Distribution
Percent of People with Each Score
Percentile by Number Answered
Your Score History
You have not taken this quiz